000 00768nam a2200229 a 4500
001 000012869
005 20240306073902.0
008 091118s2004 dr ac 000 0 spa d
020 _a8482616900
040 _aDO-SdBNP
_bspa
_cBNPHU
082 _axxxx
_bC582
245 0 0 _aCívica 4 /.
260 _aSanto Domingo :
_bSantillana,
_c2004.
300 _a119 p. :
_bil., retrs. ;
_c28 cm.
490 1 _aÁmbar
500 _aEste libro ha sido realizado de conformidad con el currículum vigente y ha sido sometido a la aprobación de la SEE
500 _aCuarto de bachillerato. 2do. curso / Segundo ciclo
700 1 _aGarcía Escobar, Obdulia de
_edir. ed.
_929220
700 1 _aCastro Catrain, Margarita,
_eed.
_929221
830 0 0 _aÁmbar
_96599
049 _aBNPD
999 _c12517
_d12517